| 000 | 00430nam a22001217a 4500 | ||
|---|---|---|---|
| 999 |
_c21288 _d21288 |
||
| 008 | 240904b ||||| |||| 00| 0 eng d | ||
| 100 |
_aCorales, Eva S. _eauthor. _960053 |
||
| 245 |
_aThe alphabet of school success / _cEva S. Corales. |
||
| 260 |
_aPhilippines; _bPublishers Association of the Philippines, Inc., _cJune 2019. |
||
| 300 | _aVolume 168, pages 7-9. | ||
| 700 |
_aCorales, Eva S. _eauthor. _960053 |
||
| 942 |
_2ddc _cPER |
||